| 000 | 00554nam a2200157Ia 4500 | ||
|---|---|---|---|
| 008 | 181023s9999 xx 000 0 und d | ||
| 020 | _a9781119434252 | ||
| 100 | _aBens, Ingrid. | ||
| 245 |
_cIngrid Bens.-- _aFacilitating with ease! : _bcore skills for facilitators, team leaders and members, managers consultants, and trainers / |
||
| 250 | _a4th ed | ||
| 260 |
_aNew Jersey : _bWiley _c2018 |
||
| 300 | _axix, 289 pages. | ||
| 500 | _aIncludes bibliogprahical references and index. | ||
| 650 | _aGroup facilitation. | ||
| 650 | _aTeams in workplace. | ||
| 999 |
_c359307 _d359307 |
||